Dudas y tristezas : (Record no. 163389)

MARC details
000 -LEADER
campo de control de longitud fija 00810nam a22002295i 4500
001 - NÚMERO DE CONTROL
campo de control 163389
003 - IDENTIFICADOR DE NÚMERO DE CONTROL
campo de control ES-MaACL
005 - FECHA Y HORA DE LA ÚLTIMA TRANSACCIÓN
campo de control 20250717063045.0
008 - DATOS DE LONGITUD FIJA--INFORMACIÓN GENERAL
campo de control de longitud fija 990701s1875 sp |||| | spa d
040 ## - FUENTE DE CATALOGACIÓN
Centro catalogador/agencia de origen CARM
Lengua de catalogación spa
Centro/agencia transcriptor CCPB | 3D
080 ## - NÚMERO DE LA CLASIFICACIÓN DECIMAL UNIVERSAL
Número de la Clasificación Decimal Universal 821.134.2-14"18"
100 1# - ENTRADA PRINCIPAL--NOMBRE DE PERSONA
Nombre de persona Revilla, Manuel de la,
Fechas asociadas al nombre 1846-1881
Término indicativo de función/relación Autor
9 (RLIN) 96432
245 10 - MENCIÓN DEL TÍTULO
Título Dudas y tristezas :
Resto del título poesías /
Mención de responsabilidad, etc. de Manuel de la Revilla ; con un prólogo de Ramón de Campoamor.
260 ## - PUBLICACIÓN, DISTRIBUCIÓN, ETC.
Lugar de publicación, distribución, etc. Madrid :
Nombre del editor, distribuidor, etc. [s.n.],
Fecha de publicación, distribución, etc. 1875
Fabricante (Imp. de Medina y Navarro)
300 ## - DESCRIPCIÓN FÍSICA
Extensión XXXII, 196 páginas ;
Dimensiones 16 cm.
655 #7 - TERMINO DE INDIZACIÓN--GENERO/FORMA
Datos o término principal de género/forma Poesías
Fuente del término tgfbne
9 (RLIN) 176539
700 1# - ENTRADA AGREGADA--NOMBRE PERSONAL
Nombre de persona Campoamor, Ramón de,
Fechas asociadas al nombre 1817-1901
Término indicativo de función/relación Autor de introducción
9 (RLIN) 34232
852 ## - LOCALIZACIÓN
Ubicación ES-MaACL
Ubicación en estantería Sala Valle Inclán
Número de control de estantería D-2195
Encuadernación Holandesa
852 ## - LOCALIZACIÓN
Ubicación ES-MaACL
Ubicación en estantería Sala Pecera Planta 3
Número de control de estantería G-10139
942 ## - ELEMENTOS DE ENTRADA SECUNDARIOS (KOHA)
Fuente del sistema de clasificación o colocación Clasificación decimal universal
Tipo de ítem Koha Libro impreso antiguo
Suprimir en OPAC No
Holdings
Estatus retirado Estado de pérdida Estado de daño No para préstamo Colección Biblioteca de origen Biblioteca actual Ubicación en estantería Fecha de adquisición Fuente de adquisición Total de préstamos Signatura topográfica completa Código de barras Visto por última vez Precio de reemplazo Tipo de ítem Koha
        Libros del s. XIX Biblioteca del Ateneo de Madrid Biblioteca del Ateneo de Madrid Sala Pecera Planta 3 17/03/2015     G-10139 1193619 23/02/2023 23/02/2023 Libro impreso antiguo
        Libros del s. XIX Biblioteca del Ateneo de Madrid Biblioteca del Ateneo de Madrid Sala Valle Inclán 17/01/2008     D-2195 901171217 23/02/2023 23/02/2023 Libro impreso antiguo